Lewis' General Knowledge Quiz #5 - Statistics

General Stats
  • This quiz has been taken 68 times
    59 since last reset
  • The average score is 10 of 20
Answer Stats
Hint Answer % Correct
How many rings are on the Olympic flag? 5
94%
Which actor plays the role of Rocky Balboa in the 'Rocky' franchise? Sylvester Stallone
76%
George Harrison was a member of which music band? The Beatles
72%
What does an alopecia sufferer lack? Hair
70%
Admiral is a shade of what colour? Blue
67%
Who won the Fifa World Cup in 2006? Italy
63%
What is the largest river in Italy? Po
57%
In what year was Google created? 1998
56%
Who wrote the Sherlock Holmes stories? Arthur Conan Doyle
52%
Which former F1 driver died on May 1st 1994? Ayrton Senna
48%
In what modern-day country did the Battle of Gallipoli take place? Turkey
48%
Who was the first man in space? Yuri Gagarin
46%
What is the currency of Thailand? Baht
43%
In which city would you find the World's Busiest Train Station? Tokyo
43%
Who wrote the Opera Madam Butterfly? Puccini
37%
King Zog ruled which European country? Albania
26%
What is the best-selling automobile of all time? Toyota Corolla
22%
Who played the 10th Doctor in 'Doctor Who' ? David Tennant
20%
Pogonophobia is the fear of what? Beards
9%
Which US state is nicknamed The Diamond State? Delaware
4%
No matching quizzes found
Score Distribution
Percent of People with Each Score
Percentile by Number Answered
Your Score History
You have not taken this quiz since the last reset